Dolo y error

Bibliographic Details
Main Author: Varela, Lorena
Format: eBook
Language:Spanish
Published: Barcelona: J.M. Bosch Editor, 2016
Subjects:
Online Access:Acceso restringido

MARC

LEADER 00000nam a22000007a 4500
005 20190410125935.0
007 cr|||| ||||
008 190410s2016 es |||||s|||| 00||0 spa d
020 |a 978-84-945803-7-6 
035 |a 23155 
040 |a vLex 
090 |c 8579  |d 8579 
100 1 |a Varela, Lorena 
245 1 0 |a Dolo y error  |h [Recurso electrn̤ico] /  |c Lorena Varela 
256 |a Servicio en ln̕ea 
260 |a Barcelona:  |b J.M. Bosch Editor,  |c 2016 
300 |a 1 recurso electrn̤ico 
506 1 |a Disponible solo en los productos indicados  |d vLex Global  |d vLex Global (Academic Edition, excluding Law Schools)  |d vLex Global (U.S. Academic Edition, Law Schools)  |d vLex Global (U.S. Academic Edition, excluding Law Schools)  |d vLex Global (Academic Edition, Law Schools) 
650 0 4 |a Derecho Penal  |z Espaą 
740 0 |a vLex Libros (Servicio en ln̕ea) 
856 4 0 |u http://vlex.com/source/dolo-error-23155  |z Acceso restringido 
942 |c BOOK 
999 0 |a Criminal law